|
|
|
|
| LEADER |
00969nam a2200241 4500 |
| 001 |
c000375536 |
| 003 |
CARM |
| 005 |
00000000000000.0 |
| 008 |
880812s1895 enkb 00010 eng |
| 019 |
1 |
|
|a 7346888
|5 LACONCORD2021
|
| 035 |
|
|
|a (OCoLC)18345043
|5 LACONCORD2021
|
| 050 |
0 |
0 |
|a DS471
|b .M26
|
| 100 |
1 |
|
|a Malleson, G. B.
|q (George Bruce),
|d 1825-1898.
|
| 245 |
0 |
0 |
|a Lord Clive and the establishment of the English in India;
|c by Colonel G.B. Malleson, C.S.I.
|
| 250 |
|
|
|a 3d thousand.
|
| 260 |
|
|
|a Oxford,
|b Clarendon Press,
|c 1895.
|
| 300 |
|
|
|a 229 p.
|b front. (fold. map)
|c 20 cm.
|
| 490 |
0 |
|
|a Rulers of India ...
|v [v. 7]
|
| 500 |
|
|
|a Series title also at head of t.-p.
|
| 600 |
1 |
0 |
|a Clive, Robert Clive,
|c Baron,
|d 1725-1774.
|
| 852 |
8 |
|
|b CARM
|h A1:AO06B0
|i A04530
|p 0404276
|f BK
|
| 999 |
f |
f |
|i a928ee36-288b-5c53-a0a2-0110b64b9a8c
|s a147a67f-318c-5976-801f-80aee7c76926
|
| 952 |
f |
f |
|p Can circulate
|a CAVAL
|b CAVAL
|c CAVAL
|d CARM 1 Store
|e A04530
|f A1:AO06B0
|h Other scheme
|i book
|m 0404276
|